| 000 | 01356nam a2200289 i 4500 | ||
|---|---|---|---|
| 001 | 000048350 | ||
| 003 | DO-SdBNP | ||
| 005 | 20231017152020.0 | ||
| 006 | a||||gr|||| 00| 0 | ||
| 007 | ta | ||
| 008 | 190211e2013 dr a r 000 spa d | ||
| 040 |
_aDO-SdBNP _bspa _cBNPHU _erda |
||
| 082 | _bR426n | ||
| 110 | 1 |
_aRepública Dominicana. República Dominicana. Oficina Presidencial de Tecnología de la Información y Comunicaciones. _937585 _eautor |
|
| 245 | 1 | 0 |
_aNortic A2 2013 : _bnorma para la creación y administración de portales web del gobierno dominicana. |
| 264 |
_aSanto Domingo : _bDepartamento de Estandarización Normativas y Auditoría Técnica _c2013 |
||
| 300 |
_a74 páginas ; _bIlustraciones ; _c24 cm. |
||
| 336 |
_2rdacontent _atexto _btxt |
||
| 337 |
_2rdamedia _asin mediación _bn |
||
| 338 |
_2rdacarrier _avolumen _bnc |
||
| 490 | _aCategoría: A | ||
| 490 |
_adocumento ; _v1 |
||
| 500 | _aIncluye glosario de términos, páginas 61- 74. | ||
| 505 |
_aPrólogo.-- _gMarco Legal.-- _gCapítulo I _tNorma para la creación y administración de portales Web del Gobierno Dominicano.-- _gCapítulo II. _tUsabilidad.-- _gCapítulo III _tDisposición de elementos.-- _gCapítulo IV. _tContenido.-- _gCapítulo V. _tAdministración y seguridad.-- _gCapítulo VI. _tAccesibilidad. |
||
| 590 | _aInventariado, 2023 / MF | ||
| 942 |
_2ddc _cLBS1 |
||
| 999 |
_c47838 _d47838 |
||